00330nam a22000977a 4500008004100000082001600041100002700057245009600084260003200180300002000212230629b xxu||||| |||| 00| 0 eng d a346.06bEAC cEast African Community aEast African CommunitybSixth Meeting of the Council of MinisterscReport of the commission aArusha, TanzaniabEACc2003 avarious panging